000
00364nam a22001577a 4500
003
MPLRDC
005
20220104145221.0
008
210129b ||||| |||| 00| 0 eng d
082
_a
417.31 ZSJ
100
_a
庄淑斤
245
_a
妊娠饮食健美法
_c
260
_a
_b
蓝天书屋
_c
300
_b
平
650
_a
产科护理
942
_c
BK
_o
417.31 ZSJ
999
_c
51193
_d
51183